Odborný slovník česko-německý z oblasti ekonomické, finanční a právní

Enregistré dans:
Détails bibliographiques
Auteur principal: Zlámal, Josef
Format: Livre
Langue:tchèque
allemand
Publié: Praha Linde 1993
Édition:1. vyd.
Sujets:
Tags: Ajouter un tag
Pas de tags, Soyez le premier à ajouter un tag!

MARC

LEADER 00000nam a2200000 4500
001 c005752
005 20221214082541.7
020 |a 80-85647-16-8 
041 0 |a cze 
041 0 |a ger 
044 |a CZ 
245 1 0 |a Odborný slovník česko-německý z oblasti ekonomické, finanční a právní  |c Josef Zlámal 
250 |a 1. vyd. 
264 1 |a Praha  |b Linde  |c 1993 
300 |a 205 s. 
610 2 0 |a jazykoveda 
610 2 0 |a terminológia 
610 2 0 |a čeština 
610 2 0 |a nemčina 
610 2 0 |a ekonómia 
610 2 0 |a financie 
610 2 0 |a právo 
100 1 |a Zlámal, Josef